Statistiques concernant Carte du monde pixélisée

Cliquez ici pour prendre le quiz!

Statistiques générales

  • Ce quiz a été pris 10 781 fois
  • Le résultat moyen est 1032 sur 1129

Réponses sur la Carte

Les réponses sont colorées sur une échelle allant du rouge au vert en fonction du pourcentage des utilisateurs qui les ont devinées à leur premier essai. Vous pouvez retrouver ces pourcentages ci-dessous.
Chargement ...
 

Statistiques - réponses

Pays% Correct
Canada
99%
France
99%
Etats-Unis
99%
Russie
98%
Chine
98%
Brésil
98%
Mexique
98%
Australie
97%
Royaume-Uni
96%
Espagne
96%
Inde
96%
Argentine
96%
Japon
95%
Norvège
95%
Suède
95%
Afrique du Sud
95%
Allemagne
95%
Finlande
94%
Maroc
94%
Algérie
94%
Italie
94%
Chili
94%
Irlande
94%
Danemark
94%
Islande
93%
Madagascar
92%
Égypte
92%
Mongolie
90%
Pologne
90%
Pérou
90%
République démocratique du Congo
90%
Turquie
89%
République du Congo
89%
Tunisie
88%
Pays-Bas
88%
Colombie
88%
Corée du Sud
87%
Corée du Nord
87%
Grèce
87%
Nouvelle-Zélande
87%
Uruguay
87%
Indonésie
86%
Arabie Saoudite
86%
Iran
85%
Bolivie
85%
Paraguay
85%
Venezuela
84%
Libye
84%
Ukraine
83%
Irak
82%
Équateur
82%
Biélorussie
80%
Kazakhstan
80%
Autriche
80%
Niger
80%
Thaïlande
80%
Mali
80%
Pakistan
79%
Roumanie
78%
Viêt Nam
78%
Soudan
78%
Guyana
77%
Nigeria
76%
Suriname
75%
Éthiopie
75%
Lituanie
75%
Sénégal
74%
Afghanistan
74%
Somalie
73%
Mauritanie
72%
Hongrie
72%
Yémen
72%
Laos
72%
Kenya
71%
Philippines
71%
République tchèque
71%
Tchad
71%
Cambodge
70%
Syrie
70%
Oman
69%
Côte d'Ivoire
69%
Angola
69%
Ouzbékistan
69%
Népal
69%
Namibie
68%
Bulgarie
68%
Papouasie-Nouvelle- Guinée
67%
Malaisie
67%
Tanzanie
67%
Birmanie
66%
Guatemala
66%
Mozambique
66%
Turkménistan
65%
Guinée
65%
Soudan du Sud
65%
Serbie
65%
Cameroun
64%
Zambie
63%
Zimbabwe
63%
Bangladesh
63%
Nicaragua
63%
République Centrafricaine
60%
Jordanie
60%
Ghana
59%
Botswana
59%
Érythrée
59%
Tadjikistan
58%
Gabon
57%
Burkina Faso
56%
Kirghizistan
55%
Azerbaïdjan
55%
Ouganda
54%
Bénin
53%
Sierra Leone
49%

Distribution des résultats

Percentile par nombre de réponses

% des personnes avec chaque résultat

Votre développement - résultats

Vous n’avez pas pris ce quiz